00741naa#a2200181#i#4500001001500000005001700015100004100032102000700073200013800080210013700218215001000355608003700365675006500402700003100467700002200498700002100520856001800541EN\\bibl\1945820260516102921.6##a20260515b2026####ek#y0engy0150####ca##aRU1#aGROWTH AND PRODUCTIVITY OF FOREST-STEPPE ECOTYPES OF SCOTS PINE IN THE CONDITIONS OF THE MESCHERSK LOWLANDeConference article/thesis1#aVoronezhcFSBE Institution of Higher Education Voronezh State University of Forestry and Technologies named after G.F. Morozovd2026##a6 с.##aConference article/thesis2local##aЛесное хозяйство. Лесоводство. 630#1aMel'nikgPetr Grigor'evich#1aArtamonovagA. N.#1aChelnokovgT. N.4#abibl.vgltu.ru